| 000 | 00369cam a2200145ua 4500 | ||
|---|---|---|---|
| 041 |
_aeng _h |
||
| 082 |
_a828.09 _bDAV/PU |
||
| 100 | _aDavie, Donald . | ||
| 245 |
_aPurity of diction in English verse / _cDonald davie. _hTextual Documents |
||
| 260 |
_aLondon : _bChatto and Windus , _c1952. |
||
| 300 | _a211 ; . | ||
| 504 | _a | ||
| 942 | _cBK | ||
| 999 |
_c5338 _d5338 |
||